| 000 | 01813cam a2200361Ii 4500 | ||
|---|---|---|---|
| 999 |
_c5969 _d5969 |
||
| 001 | 891667304 | ||
| 003 | OCoLC | ||
| 005 | 20190111130448.0 | ||
| 008 | 140930s2015 tnu b 000 0 eng d | ||
| 020 | _a0718031512 | ||
| 020 | _a9780718031510 | ||
| 035 | _a(OCoLC)891667304 | ||
| 040 |
_aYDXCP _beng _erda _cYDXCP _dOCLCQ _dSO$ _dOCLCO _dOCLCF _dBDX _dTLC _dKN4 _dCIRBC |
||
| 082 | 0 | 4 |
_a248.8 _bL931Y |
| 090 |
_aBS580.J6 _bL78 2013 |
||
| 092 | 0 |
_a248.86 _bL931 |
|
| 100 | 1 |
_aLucado, Max, _eauthor. |
|
| 245 | 1 | 0 |
_aYou'll get through this : _bhope and help for your turbulent times / _cMax Lucado. |
| 246 | 3 | _aYou will get through this | |
| 264 | 1 |
_aNashville : _bThomas Nelson, _c[2013] |
|
| 264 | 4 | _c©2013 | |
| 300 |
_axvi, 223 pages ; _c22 cm |
||
| 336 |
_atext _2rdacontent |
||
| 337 |
_aunmediated _2rdamedia |
||
| 338 |
_avolume _2rdacarrier |
||
| 500 | _aIncludes an excerpt from Glory days. | ||
| 504 | _aIncludes bibliographical references (pages 210-214). | ||
| 505 | 0 | _aYou'll get through this -- Down, down, down to Egypt -- Alone but not all alone -- Stupid won't fix stupid -- Oh, so this is boot camp! -- Wait while God works -- More bounce back that Bozo -- Is God good when life isn't? -- A splash of gratitude with that attitude, please -- Now, about those family scandals and scoundrels -- Revenge feels good, but then... -- The Prince is your brother -- Good-bye to good-byes -- Keep calm and carry on -- Evil. God. Good -- Questions for reflection. | |
| 520 | _aGuides the suffering through difficult times in an exploration of the story of Joseph and his brothers and the truth of Genesis 50:20, in which God does not promise that trials will be quick or painless. | ||
| 600 | 0 | 0 |
_aJoseph _c(Son of Jacob) |
| 650 | 0 |
_aSuffering _xReligious aspects _xChristianity. |
|
| 942 |
_2ddc _cBK |
||